| 000 | 00786cab a22002175a 4500 | ||
|---|---|---|---|
| 001 | L138421 | ||
| 008 | 070605e20070601xxko f 000 0 eng d | ||
| 035 | _a(Sirsi) u138421 | ||
| 041 | 0 | _aeng | |
| 100 | 1 | _aKing, Alistair | |
| 245 | 0 | 0 |
_aSpecifier _broofing |
| 260 | _c2007 | ||
| 490 | 0 |
_aBuilding _v272(8482) 1 June 2007, 70-80(7) |
|
| 520 | _aReports on new slates that double up as solar thermal or photovoltaic panels and considers the costs and options for eaves gutters and rainwater downpipes. Also details the latest roofing products and suppliers. | ||
| 590 | _aKA | ||
| 651 | 4 |
_aUnited Kingdom _y |
|
| 690 | _aBUILT ENVIRONMENT-BUILDING COSTS | ||
| 690 | _aBUILT ENVIRONMENT-BUILDING ELEMENTS-COMPLETE BUILDING ELEMENTS-ROOFS | ||
| 700 | 1 | _aMayer, Peter | |
| 942 | _n0 | ||
| 999 |
_c78862 _d78862 |
||